[Event "Brasschaat op 17th"]
[Site "Brasschaat"]
[Date "2017.08.25"]
[Round "7"]
[White "Dauw, Sterre"]
[Black "Penson, Thierry"]
[Result "0-1"]
[WhiteElo "1958"]
[BlackElo "2198"]
[PlyCount "72"]
[EventDate "2017.08.19"]
[EventType "swiss"]
[EventRounds "9"]
[EventCountry "BEL"]
[SourceTitle "CBM 180 Extra"]
[Source "ChessBase"]
[SourceDate "2017.10.06"]
[SourceVersion "1"]
[SourceVersionDate "2017.10.06"]
[SourceQuality "1"]

1. e4 c5 2. Nf3 Nc6 3. d4 cxd4 4. Nxd4 Nf6 5. Nc3 d6 6. Bc4 Qb6 7. Nb3 a6 8. 0-0 e6 9. Be3 Qc7 10. f4 b5 11. Bd3 Be7 12. a3 Bb7 13. Qf3 b4 14. axb4 Nxb4 15. Na5 d5 16. e5 Nd7 17. Nxb7 Qxb7 18. Qg4 g6 19. Ne2 Bc5 20. Bxc5 Nxc5 21. Qf3 0-0 22. f5 Nbxd3 23. cxd3 exf5 24. Nf4 Rfd8 25. Nh5 Nd7 26. Qf4 Qb6+ 27. d4 gxh5 28. Ra3 Nf8 29. Qxf5 Ra7 30. Qg5+ Ng6 31. Rf6 Qxd4+ 32. Re3 Re8 33. Kf1 Rae7 34. e6 Rxe6 35. Rexe6 Rxe6 36. Rxe6 fxe6 0-1

[Event "Brasschaat op 14th"]
[Site "Brasschaat"]
[Date "2014.08.21"]
[Round "6"]
[White "Lee, Deon"]
[Black "Penson, Thierry"]
[Result "0-1"]
[WhiteElo "1926"]
[BlackElo "2222"]
[PlyCount "144"]
[EventDate "2014.08.16"]
[EventType "swiss"]
[EventRounds "9"]
[EventCountry "BEL"]
[SourceTitle "CBM 161 Extra"]
[Source "ChessBase"]
[SourceDate "2014.08.29"]
[SourceVersion "1"]
[SourceVersionDate "2014.08.29"]
[SourceQuality "1"]

1. e4 c5 2. Nf3 Nc6 3. Bb5 Qb6 4. Nc3 e6 5. 0-0 Nd4 6. a4 a6 7. Bc4 d6 8. d3 Nf6 9. a5 Qd8 10. Re1 Nc6 11. Bd2 Nxa5 12. Ba2 Nc6 13. Ne2 Be7 14. Ng3 0-0 15. c3 Qc7 16. Rc1 b5 17. b4 h6 18. Qe2 Rd8 19. Bb1 e5 20. d4 c4 21. d5 Nb8 22. Nh4 Bf8 23. Nhf5 Kh7 24. Qf3 Ng8 25. Qe2 g6 26. Ne3 Nd7 27. Nef1 Bg7 28. Bc2 Bb7 29. h4 a5 30. Ra1 axb4 31. cxb4 Rxa1 32. Rxa1 Ra8 33. Qe1 Qd8 34. h5 Bf6 35. Bc3 Bg5 36. hxg6+ fxg6 37. Nh2 Qb8 38. Nf3 Bd8 39. Ne2 Bb6 40. Nh2 Ngf6 41. Kf1 Rxa1 42. Qxa1 Qa7 43. Qxa7 Bxa7 44. g3 Kg7 45. Kg2 Bc8 46. f4 Bb8 47. Bd2 Nb6 48. Nc3 Bd7 49. Be3 Nc8 50. Bd1 Bc7 51. Bc2 Bd8 52. Nf3 Ng4 53. Bd2 Bb6 54. Nh2 Ne3+ 55. Bxe3 Bxe3 56. Kf3 Bd4 57. Nd1 h5 58. Kg2 Kf6 59. Kf3 Nb6 60. Ke2 Bh3 61. fxe5+ dxe5 62. Kd2 Nc8 63. Nf3 Nd6 64. Nc3 Bg2 65. Bd1 Bxc3+ 66. Kxc3 Nxe4+ 67. Kb2 Nd6 68. Kc3 Bxf3 69. Bxf3 e4 70. Bg2 Ke5 71. Bh3 Kxd5 72. Bd7 g5 0-1

[Event "BEL-chT 1314"]
[Site "Belgium"]
[Date "2013.09.22"]
[Round "1.4"]
[White "Penson, Thierry"]
[Black "Ahn, Martin"]
[Result "1/2-1/2"]
[WhiteElo "2215"]
[BlackElo "2273"]
[PlyCount "34"]
[EventDate "2013.09.22"]
[EventType "team-tourn"]
[EventRounds "11"]
[EventCountry "BEL"]
[SourceTitle "CBM 156 Extra"]
[Source "ChessBase"]
[SourceDate "2013.10.22"]
[SourceVersion "1"]
[SourceVersionDate "2013.10.22"]
[SourceQuality "1"]
[WhiteTeam "Deurne"]
[BlackTeam "KSK Rochade"]
[WhiteTeamCountry "BEL"]
[BlackTeamCountry "BEL"]

1. Nc3 c5 2. e4 Nc6 3. g3 g6 4. Bg2 Bg7 5. f4 d6 6. Nf3 e6 7. 0-0 Nge7 8. d3 0-0 9. Be3 Nd4 10. Qd2 Rb8 11. Qf2 Nec6 12. a4 b6 13. Ne1 Bb7 14. Nd1 Ne7 15. c3 Ndc6 16. Qc2 f5 17. Bd2 Qd7 1/2-1/2

[Event "BEL-ch op"]
[Site "Antwerp"]
[Date "2013.07.14"]
[Round "9"]
[White "Penson, Thierry"]
[Black "Lenaerts, Lennert"]
[Result "1-0"]
[WhiteElo "2211"]
[BlackElo "2120"]
[PlyCount "51"]
[EventDate "2013.07.06"]
[EventType "swiss"]
[EventRounds "9"]
[EventCountry "BEL"]
[SourceTitle "CBM 155 Extra"]
[Source "ChessBase"]
[SourceDate "2013.08.26"]
[SourceVersion "1"]
[SourceVersionDate "2013.08.26"]
[SourceQuality "1"]

1. b3 e5 2. Bb2 Nc6 3. e3 Nge7 4. c4 d6 5. Nf3 g6 6. d4 Bg7 7. dxe5 Nxe5 8. Nxe5 dxe5 9. Qxd8+ Kxd8 10. Nc3 c6 11. 0-0-0+ Bd7 12. Ba3 Nc8 13. Ne4 Kc7 14. Be2 f5 15. Nc5 Rd8 16. Rd2 b6 17. Na6+ Kb7 18. Rhd1 Kxa6 19. Rxd7 Rxd7 20. Rxd7 Bf6 21. Rxh7 c5 22. Rf7 Bg5 23. Rf8 Kb7 24. f4 Be7 25. Rg8 Kc7 26. Bb2 1-0

[Event "BEL-ch op"]
[Site "Antwerp"]
[Date "2013.07.11"]
[Round "6"]
[White "De Vleeschauwer, Maarten"]
[Black "Penson, Thierry"]
[Result "0-1"]
[WhiteElo "2033"]
[BlackElo "2211"]
[PlyCount "66"]
[EventDate "2013.07.06"]
[EventType "swiss"]
[EventRounds "9"]
[EventCountry "BEL"]
[SourceTitle "CBM 155 Extra"]
[Source "ChessBase"]
[SourceDate "2013.08.26"]
[SourceVersion "1"]
[SourceVersionDate "2013.08.26"]
[SourceQuality "1"]

1. e4 c5 2. d4 cxd4 3. c3 Nf6 4. e5 Nd5 5. cxd4 g6 6. Bc4 Nb6 7. Bb3 Bg7 8. Nf3 0-0 9. Nc3 d5 10. h3 Nc6 11. 0-0 Na5 12. Bc2 Bd7 13. Re1 Qc8 14. Ng5 h6 15. e6 hxg5 16. exd7 Qxd7 17. Bxg5 Nc6 18. Na4 Bxd4 19. Bxe7 Bxf2+ 20. Kxf2 Nxe7 21. Nxb6 axb6 22. Qd4 Qd6 23. Bb3 Rfd8 24. Rac1 Rac8 25. Rcd1 Nf5 26. Qg4 Qc5+ 27. Kf3 Rc6 28. Qg5 Rcd6 29. Rc1 Qd4 30. g4 Qd3+ 31. Kf2 Qg3+ 32. Ke2 Nd4+ 33. Kd1 Qxe1+ 0-1

[Event "BEL-ch op"]
[Site "Antwerp"]
[Date "2013.07.08"]
[Round "3"]
[White "Penson, Thierry"]
[Black "De Strycker, Nathan"]
[Result "0-1"]
[WhiteElo "2211"]
[BlackElo "2033"]
[PlyCount "74"]
[EventDate "2013.07.06"]
[EventType "swiss"]
[EventRounds "9"]
[EventCountry "BEL"]
[SourceTitle "CBM 155 Extra"]
[Source "ChessBase"]
[SourceDate "2013.08.26"]
[SourceVersion "1"]
[SourceVersionDate "2013.08.26"]
[SourceQuality "1"]

1. e4 e6 2. d4 d5 3. Nc3 Bb4 4. e5 c5 5. a3 Ba5 6. b4 cxd4 7. Nb5 Bc7 8. f4 Bd7 9. Nf3 Bxb5 10. Bxb5+ Nc6 11. Nxd4 Nge7 12. Be3 0-0 13. 0-0 Nxd4 14. Bxd4 Nf5 15. Kh1 Bb6 16. Bxb6 Qxb6 17. Qd3 Ne3 18. Rf3 Nxc2 19. Qxc2 Qxb5 20. Rc3 b6 21. Rc1 a5 22. bxa5 Qxa5 23. g3 g6 24. Qb3 d4 25. Rc6 Qd2 26. R6c2 Qa5 27. Rc6 b5 28. Rd6 Rac8 29. Rxc8 Rxc8 30. Rxd4 Qe1+ 31. Kg2 Qe2+ 32. Kh3 Qf1+ 33. Kh4 Qf2 34. Qd3 Qxh2+ 35. Kg5 Kg7 36. f5 exf5 37. Kf4 Qf2+ 0-1

[Event "BEL-chT 1213"]
[Site "Belgium"]
[Date "2013.03.03"]
[Round "10.4"]
[White "De Wit, Michel"]
[Black "Penson, Thierry"]
[Result "0-1"]
[WhiteElo "2272"]
[BlackElo "2191"]
[PlyCount "46"]
[EventDate "2012.09.23"]
[EventType "team-tourn"]
[EventRounds "11"]
[EventCountry "BEL"]
[SourceTitle "EXT 2014"]
[Source "ChessBase"]
[SourceDate "2013.11.20"]
[SourceVersion "1"]
[SourceVersionDate "2013.11.20"]
[SourceQuality "1"]
[WhiteTeam "Anderlecht"]
[BlackTeam "Deurne"]
[WhiteTeamCountry "BEL"]
[BlackTeamCountry "BEL"]

1. e4 c5 2. c3 Nf6 3. e5 Nd5 4. Nf3 d6 5. exd6 Qxd6 6. d4 cxd4 7. Nxd4 a6 8. Qa4+ Nd7 9. Be2 e5 10. Nf3 Rb8 11. 0-0 Be7 12. Rd1 Qc6 13. Qb3 Nf4 14. Bc4 0-0 15. Bxf7+ Rxf7 16. Rxd7 Qf6 17. Rd2 Bg4 18. Qc4 Bxf3 19. gxf3 Qg6+ 20. Kf1 Qg2+ 21. Ke1 Qxf3 22. Rc2 Nd3+ 23. Kf1 Qd1+ 0-1

[Event "Geraardsbergen op 28th"]
[Site "Geraardsbergen"]
[Date "2012.08.13"]
[Round "5"]
[White "Penson, Thierry"]
[Black "Jaquet, Reinier"]
[Result "0-1"]
[WhiteElo "2214"]
[BlackElo "1893"]
[PlyCount "82"]
[EventDate "2012.08.11"]
[EventType "swiss"]
[EventRounds "9"]
[EventCountry "BEL"]
[SourceTitle "EXT 2013"]
[Source "ChessBase"]
[SourceDate "2012.11.22"]
[SourceVersion "1"]
[SourceVersionDate "2012.11.22"]
[SourceQuality "1"]

1. e4 g6 2. d4 Bg7 3. c3 d6 4. Bd3 Nd7 5. Nf3 e6 6. Nbd2 Ne7 7. h4 h5 8. Ng5 c5 9. Ndf3 cxd4 10. cxd4 Nc6 11. Be3 Qa5+ 12. Kf1 0-0 13. a3 Nf6 14. b4 Qd8 15. b5 Ne7 16. Nh2 a6 17. bxa6 bxa6 18. f3 Nc6 19. Rc1 Bd7 20. Qd2 Qa5 21. Qxa5 Nxa5 22. Ke2 Bb5 23. Rc3 d5 24. Bxb5 axb5 25. Rb1 Nc4 26. Rxb5 Nxa3 27. Rb7 Nc4 28. e5 Ra2+ 29. Kf1 Nh7 30. f4 Nxg5 31. fxg5 Nxe5 32. Kg1 Nc4 33. Nf3 Nxe3 34. Rxe3 Rc8 35. Ne5 Rcc2 36. Rf3 Rxg2+ 37. Kh1 Bxe5 38. dxe5 Rh2+ 39. Kg1 Rag2+ 40. Kf1 Rb2 41. Rfxf7 Rh1# 0-1

[Event "BEL-ch op"]
[Site "Lommel"]
[Date "2012.07.08"]
[Round "9"]
[White "Boons, Patrick"]
[Black "Penson, Thierry"]
[Result "0-1"]
[WhiteElo "2002"]
[BlackElo "2221"]
[PlyCount "84"]
[EventDate "2012.06.30"]
[EventType "swiss"]
[EventRounds "9"]
[EventCountry "BEL"]
[SourceTitle "EXT 2013"]
[Source "ChessBase"]
[SourceDate "2012.11.22"]
[SourceVersion "1"]
[SourceVersionDate "2012.11.22"]
[SourceQuality "1"]

1. e4 c5 2. Nc3 Nc6 3. g3 Rb8 4. Bg2 b5 5. d3 b4 6. Nd5 g6 7. f4 Bg7 8. Nf3 d6 9. h3 e6 10. Ne3 Nge7 11. 0-0 f5 12. exf5 gxf5 13. Ng5 0-0 14. Re1 d5 15. Nf1 Qd6 16. Rb1 a5 17. Kh1 Bd7 18. Be3 d4 19. Bg1 e5 20. Bh2 exf4 21. gxf4 h6 22. Nf3 Be6 23. N1d2 Bxa2 24. Ra1 Bd5 25. Nc4 Qd8 26. Qe2 Ng6 27. Qf2 Kh7 28. Rg1 Bf6 29. Rae1 Rb7 30. Bg3 Rg7 31. Nce5 Ncxe5 32. fxe5 Be7 33. Qd2 f4 34. Bh2 Qa8 35. Ref1 a4 36. Qe2 Rf5 37. Re1 Nf8 38. Ref1 Ne6 39. Qe1 a3 40. bxa3 bxa3 41. Qe2 a2 42. Qd1 Rxg2 0-1

[Event "BEL-ch op"]
[Site "Lommel"]
[Date "2012.07.07"]
[Round "8"]
[White "Penson, Thierry"]
[Black "Boons, Bert"]
[Result "1/2-1/2"]
[WhiteElo "2221"]
[BlackElo "1848"]
[PlyCount "87"]
[EventDate "2012.06.30"]
[EventType "swiss"]
[EventRounds "9"]
[EventCountry "BEL"]
[SourceTitle "EXT 2013"]
[Source "ChessBase"]
[SourceDate "2012.11.22"]
[SourceVersion "1"]
[SourceVersionDate "2012.11.22"]
[SourceQuality "1"]

1. e4 d6 2. d4 Nf6 3. Bd3 c6 4. Nf3 Nbd7 5. 0-0 e5 6. c3 Be7 7. Re1 Qc7 8. Nbd2 0-0 9. Nf1 Re8 10. b3 Bf8 11. Ng3 g6 12. h3 Bg7 13. Bb2 a5 14. Rc1 b6 15. a3 Bh6 16. Rc2 Ba6 17. c4 exd4 18. Nxd4 Rad8 19. b4 axb4 20. axb4 c5 21. Nb3 Bg7 22. b5 Bb7 23. Qd2 Re7 24. Qf4 Rde8 25. f3 h6 26. h4 Nh7 27. Bxg7 Kxg7 28. Rd1 Ne5 29. Be2 Bc8 30. Kf2 d5 31. Kg1 Nxc4 32. Qxc7 Rxc7 33. Bxc4 dxc4 34. Nd2 Rd8 35. Rb1 Be6 36. Nxc4 Bxc4 37. Rxc4 Ra7 38. Rc2 Nf8 39. h5 Ne6 40. hxg6 fxg6 41. Kf2 Kf6 42. Ne2 Ra5 43. Nc3 Nc7 44. Ke2 1/2-1/2

[Event "BEL-ch op"]
[Site "Lommel"]
[Date "2012.07.04"]
[Round "5"]
[White "Penson, Thierry"]
[Black "Demey, Robbe"]
[Result "1/2-1/2"]
[WhiteElo "2221"]
[BlackElo "1720"]
[PlyCount "44"]
[EventDate "2012.06.30"]
[EventType "swiss"]
[EventRounds "9"]
[EventCountry "BEL"]
[SourceTitle "EXT 2013"]
[Source "ChessBase"]
[SourceDate "2012.11.22"]
[SourceVersion "1"]
[SourceVersionDate "2012.11.22"]
[SourceQuality "1"]

1. e4 Nf6 2. e5 Nd5 3. d4 d6 4. Nf3 dxe5 5. Nxe5 Nd7 6. c4 N5f6 7. Nf3 Nb6 8. Be2 Bf5 9. 0-0 e6 10. Be3 Be7 11. h3 0-0 12. Nc3 Nfd7 13. Qb3 c5 14. Rfd1 Qc7 15. Nb5 Qc8 16. Bf4 cxd4 17. Nfxd4 Nc5 18. Nxf5 exf5 19. Qc2 Ne6 20. Nd6 Qc7 21. Bh2 f4 22. Nb5 Qe5 1/2-1/2

[Event "BEL-ch op"]
[Site "Antwerp"]
[Date "2011.07.05"]
[Round "4.13"]
[White "Penson, Thierry"]
[Black "Lambert, Luc"]
[Result "1-0"]
[WhiteElo "2224"]
[BlackElo "1943"]
[PlyCount "73"]
[EventDate "2011.07.02"]
[EventType "swiss"]
[EventRounds "9"]
[EventCountry "BEL"]
[SourceTitle "CBM 143 Extra"]
[Source "ChessBase"]
[SourceDate "2011.08.29"]
[SourceVersion "1"]
[SourceVersionDate "2011.08.29"]
[SourceQuality "1"]

1. d4 d5 2. Nf3 Nf6 3. c4 c6 4. Nc3 e6 5. e3 Nbd7 6. Bd3 dxc4 7. Bxc4 b5 8. Bb3 b4 9. Ne2 Bb7 10. 0-0 c5 11. Ng3 Rc8 12. Qe2 Be7 13. Rd1 Qb6 14. e4 cxd4 15. Nxd4 0-0 16. Be3 Bc5 17. Rd2 Rfd8 18. Rad1 Ba6 19. Qe1 Nf8 20. h3 Rd7 21. Ba4 Rdc7 22. Bf4 Re7 23. Nb3 e5 24. Bg5 Ne6 25. Bxf6 gxf6 26. Nf5 Rec7 27. Bd7 Rf8 28. Nxc5 Qxc5 29. Rd6 Bc8 30. Ne7+ Kh8 31. Nxc8 Rfxc8 32. Bxc8 Rxc8 33. Qd2 Kg7 34. Qe2 Rg8 35. Qf3 Nf4 36. g3 Ne6 37. Rxe6 1-0

[Event "Ghent VSF-chA"]
[Site "Ghent"]
[Date "2011.06.03"]
[Round "3"]
[White "Penson, Thierry"]
[Black "Goormachtigh, Johan"]
[Result "1/2-1/2"]
[WhiteElo "2246"]
[BlackElo "2237"]
[PlyCount "97"]
[EventDate "2011.06.02"]
[EventType "swiss"]
[EventRounds "7"]
[EventCountry "BEL"]
[SourceTitle "EXT 2012"]
[Source "ChessBase"]
[SourceDate "2011.11.24"]
[SourceVersion "1"]
[SourceVersionDate "2011.11.24"]
[SourceQuality "1"]

1. d4 Nf6 2. c4 g6 3. Nc3 d5 4. cxd5 Nxd5 5. Na4 Bg7 6. e4 Nb6 7. Nf3 Bg4 8. Be3 Bxf3 9. gxf3 N8d7 10. Nc3 c6 11. h4 e5 12. d5 Nf6 13. dxc6 bxc6 14. Qxd8+ Rxd8 15. a4 0-0 16. a5 Nbd7 17. Bxa7 Ra8 18. Be3 Rfb8 19. Ra2 Bf8 20. Kd2 Nc5 21. a6 Rb4 22. Kc2 Nfd7 23. h5 Be7 24. hxg6 hxg6 25. Bh3 Nb6 26. Ra5 Rxb2+ 27. Kxb2 Nc4+ 28. Kc2 Nxa5 29. Rb1 Nxa6 30. Bf1 Nb4+ 31. Kc1 Bd6 32. Be2 Kf8 33. Kb2 Nb7 34. Rh1 Kg7 35. Rd1 Na6 36. Ra1 Nc7 37. Rxa8 Nxa8 38. Na4 Nc7 39. Kc3 Nb5+ 40. Kc4 Na5+ 41. Kd3 Nb3 42. Bd1 N3d4 43. f4 Ne6 44. fxe5 Bxe5 45. Bb3 Kf6 46. Nb6 Nf4+ 47. Kc4 Nd6+ 48. Kc5 Nxe4+ 49. Kxc6 1/2-1/2

[Event "Ghent VSF-chA"]
[Site "Ghent"]
[Date "2011.06.02"]
[Round "2"]
[White "Van der Stricht, Geert"]
[Black "Penson, Thierry"]
[Result "1-0"]
[WhiteElo "2390"]
[BlackElo "2222"]
[PlyCount "65"]
[EventDate "2011.06.02"]
[EventType "swiss"]
[EventRounds "7"]
[EventCountry "BEL"]
[SourceTitle "EXT 2012"]
[Source "ChessBase"]
[SourceDate "2011.11.24"]
[SourceVersion "1"]
[SourceVersionDate "2011.11.24"]
[SourceQuality "1"]

1. d4 Nf6 2. c4 e6 3. Nc3 Bb4 4. e3 0-0 5. Bd3 Nc6 6. Nge2 d5 7. cxd5 exd5 8. Bd2 Re8 9. Rc1 Ne7 10. Qb3 Ba5 11. 0-0 Bb6 12. Na4 c6 13. Nxb6 axb6 14. Bb4 Nf5 15. Bb1 g6 16. Rfd1 Kg7 17. a4 h5 18. Nf4 Ne4 19. Qc2 Qg5 20. b3 Nh4 21. Kh1 Bg4 22. Rg1 Bf5 23. Qe2 Bd7 24. f3 Nf5 25. fxe4 dxe4 26. g3 Nh6 27. h3 Nf5 28. Kh2 Nh6 29. Bc3 Kg8 30. Rcd1 Rad8 31. d5 c5 32. Qb2 Qf5 33. Bh8 1-0

[Event "Zwijndrecht op"]
[Site "Zwijndrecht"]
[Date "2010.12.27"]
[Round "3"]
[White "Docx, Stefan"]
[Black "Penson, Thierry"]
[Result "1/2-1/2"]
[WhiteElo "2342"]
[BlackElo "2219"]
[PlyCount "44"]
[EventDate "2010.12.26"]
[EventType "swiss"]
[EventRounds "9"]
[EventCountry "BEL"]
[SourceTitle "CBM 140 Extra"]
[Source "ChessBase"]
[SourceDate "2011.03.01"]
[SourceVersion "1"]
[SourceVersionDate "2011.03.01"]
[SourceQuality "1"]

1. Nf3 Nf6 2. g3 d5 3. Bg2 e6 4. 0-0 Be7 5. c4 c6 6. Qc2 0-0 7. d4 b6 8. Nbd2 Ba6 9. b3 Nbd7 10. e4 Rc8 11. Rd1 dxe4 12. Nxe4 Nxe4 13. Qxe4 Bb7 14. Bb2 Qc7 15. Qc2 Rfe8 16. Rac1 Rcd8 17. a3 c5 18. d5 Bf6 19. d6 Qb8 20. b4 Qa8 21. Bxf6 Nxf6 22. Qe2 Ne4 1/2-1/2

[Event "BEL-ch"]
[Site "Ghent"]
[Date "2010.05.15"]
[Round "6"]
[White "Penson, Thierry"]
[Black "Atanasiu, Nicolae"]
[Result "1/2-1/2"]
[WhiteElo "2219"]
[BlackElo "2025"]
[PlyCount "53"]
[EventDate "2010.05.13"]
[EventType "swiss"]
[EventRounds "7"]
[EventCountry "BEL"]
[SourceTitle "CBM 136 Extra"]
[Source "ChessBase"]
[SourceDate "2010.07.02"]
[SourceVersion "2"]
[SourceVersionDate "2010.07.15"]
[SourceQuality "1"]

1. e4 b6 2. d4 Bb7 3. Nc3 e6 4. Nf3 Bb4 5. Bd3 Nf6 6. Bg5 h6 7. Bxf6 Qxf6 8. 0-0 Bxc3 9. bxc3 d6 10. a4 a5 11. Re1 0-0 12. Qd2 Nc6 13. h3 e5 14. Bb5 Rad8 15. Rad1 Nb8 16. Qe2 Bc8 17. Bc4 Bd7 18. Ra1 Nc6 19. Bb5 Ne7 20. Bxd7 Rxd7 21. Qb5 Rfd8 22. Rad1 Ng6 23. Re3 exd4 24. cxd4 Re7 25. Qc6 Rde8 26. Rde1 Nh4 27. Nxh4 1/2-1/2

[Event "BEL-ch"]
[Site "Ghent"]
[Date "2010.05.14"]
[Round "3"]
[White "Hamblok, Roel"]
[Black "Penson, Thierry"]
[Result "1-0"]
[WhiteElo "2145"]
[BlackElo "2219"]
[PlyCount "109"]
[EventDate "2010.05.13"]
[EventType "swiss"]
[EventRounds "7"]
[EventCountry "BEL"]
[SourceTitle "CBM 136 Extra"]
[Source "ChessBase"]
[SourceDate "2010.07.02"]
[SourceVersion "2"]
[SourceVersionDate "2010.07.15"]
[SourceQuality "1"]

1. e4 Nf6 2. e5 Nd5 3. d4 d6 4. Nf3 g6 5. Bc4 Nb6 6. Bb3 Bg7 7. Qe2 Nc6 8. c3 d5 9. h3 0-0 10. 0-0 a5 11. a4 f5 12. Bf4 e6 13. Qd2 Rf7 14. h4 Qf8 15. h5 gxh5 16. g3 Bd7 17. Kg2 Be8 18. Na3 Nd8 19. Nc2 c5 20. dxc5 Nd7 21. Ncd4 Nxc5 22. Qe3 Rc8 23. Rh1 Rd7 24. Bd1 Bg6 25. Be2 b6 26. Nb5 Nf7 27. b4 axb4 28. cxb4 Ne4 29. Qxb6 Qe7 30. Nbd4 Rb7 31. Qxe6 Qxe6 32. Nxe6 Rxb4 33. Rhb1 Rxb1 34. Rxb1 h4 35. Nxg7 Kxg7 36. Rb7 Nc5 37. Ra7 hxg3 38. Ng5 Kg8 39. Nxf7 Bxf7 40. fxg3 d4 41. Bf3 Ne4 42. Bh6 Rc2+ 43. Kg1 Rc8 44. a5 d3 45. a6 d2 46. Rd7 Be6 47. Rxd2 Nxd2 48. Bxd2 Rd8 49. a7 Kf7 50. a8Q Rxa8 51. Bxa8 Bc4 52. Kf2 Ke6 53. Bf4 Ba6 54. Bc6 Bc8 55. Ke3 1-0

[Event "BEL-ch"]
[Site "Ghent"]
[Date "2010.05.14"]
[Round "4"]
[White "Penson, Thierry"]
[Black "Roos, David"]
[Result "1-0"]
[WhiteElo "2219"]
[BlackElo "1971"]
[PlyCount "83"]
[EventDate "2010.05.13"]
[EventType "swiss"]
[EventRounds "7"]
[EventCountry "BEL"]
[SourceTitle "CBM 136 Extra"]
[Source "ChessBase"]
[SourceDate "2010.07.02"]
[SourceVersion "2"]
[SourceVersionDate "2010.07.15"]
[SourceQuality "1"]

1. d4 Nf6 2. c4 c5 3. d5 b5 4. cxb5 a6 5. bxa6 g6 6. Nc3 Bxa6 7. Nf3 Bg7 8. e4 Bxf1 9. Kxf1 d6 10. h3 Nbd7 11. Kg1 0-0 12. Kh2 Nb6 13. Re1 Ra6 14. Re2 Qa8 15. Bd2 Na4 16. b3 Ng4+ 17. hxg4 Nxc3 18. Bxc3 Bxc3 19. Rc1 Bg7 20. Rcc2 Qc8 21. Qd3 Rb6 22. g5 Qd7 23. Nd2 Rb4 24. Nc4 Qg4 25. Qd2 h6 26. gxh6 Qh4+ 27. Kg1 Bxh6 28. Qd3 Bg7 29. g3 Qg4 30. Kg2 Bd4 31. f3 Qh5 32. Re1 Rbb8 33. Na5 Rbe8 34. Nc6 Bg7 35. a3 e6 36. Rh1 Qg5 37. f4 Qf6 38. e5 dxe5 39. fxe5 Qg5 40. d6 Bxe5 41. Rxc5 f6 42. d7 1-0

[Event "BEL-ch"]
[Site "Ghent"]
[Date "2010.05.13"]
[Round "2"]
[White "Penson, Thierry"]
[Black "Vandenbussche, Thibaut"]
[Result "1/2-1/2"]
[WhiteElo "2219"]
[BlackElo "2327"]
[PlyCount "65"]
[EventDate "2010.05.13"]
[EventType "swiss"]
[EventRounds "7"]
[EventCountry "BEL"]
[SourceTitle "CBM 136 Extra"]
[Source "ChessBase"]
[SourceDate "2010.07.02"]
[SourceVersion "2"]
[SourceVersionDate "2010.07.15"]
[SourceQuality "1"]

1. d4 g6 2. e4 Bg7 3. Nc3 d6 4. Be2 a6 5. a4 Nc6 6. d5 Nd4 7. Be3 Nxe2 8. Ngxe2 Nf6 9. 0-0 0-0 10. h3 e6 11. dxe6 Bxe6 12. Nd4 Bc4 13. Re1 c5 14. Nf3 Qb6 15. Rb1 Qc6 16. b3 Be6 17. Bg5 h6 18. Bh4 Rfe8 19. Qd2 g5 20. Bg3 Rad8 21. Rbd1 d5 22. Ne5 Qc8 23. exd5 Nxd5 24. Nxd5 Rxd5 25. Qc1 c4 26. Nxc4 Rxd1 27. Qxd1 Bxc4 28. Rxe8+ Qxe8 29. bxc4 Qxa4 30. Qd8+ Kh7 31. Qd3+ Kg8 32. Qd8+ Kh7 33. Qd3+ 1/2-1/2

[Event "Brasschaat op 09th"]
[Site "Brasschaat"]
[Date "2009.08.22"]
[Round "8"]
[White "Penson, Thierry"]
[Black "Van Cappellen, Jonas"]
[Result "0-1"]
[WhiteElo "2245"]
[BlackElo "2002"]
[PlyCount "76"]
[EventDate "2009.08.15"]
[EventType "swiss"]
[EventRounds "9"]
[EventCountry "BEL"]
[SourceTitle "CBM 131 Extra"]
[Source "ChessBase"]
[SourceDate "2009.09.03"]
[SourceVersion "2"]
[SourceVersionDate "2009.09.16"]
[SourceQuality "1"]

1. d4 e6 2. e4 d5 3. Nc3 Bb4 4. e5 c5 5. a3 Bxc3+ 6. bxc3 Qa5 7. Bd2 Qa4 8. Qb1 c4 9. g3 Nc6 10. Bg2 Nge7 11. Nf3 Bd7 12. 0-0 0-0-0 13. Qd1 Kb8 14. Ng5 Rdf8 15. Re1 Ka8 16. Ra2 Qa5 17. a4 Nc8 18. Qg4 Nb6 19. Nf3 Rhg8 20. Qh4 h6 21. Rea1 Re8 22. Qf4 Ref8 23. Bc1 Ne7 24. Ba3 Ng6 25. Qe3 Re8 26. Bb4 Qa6 27. a5 Nc8 28. h4 Nge7 29. Qc1 Qc6 30. Rb1 a6 31. Bc5 Na7 32. Rb6 Qc7 33. Qf4 f5 34. exf6 Qxf4 35. gxf4 gxf6 36. Rd6 Bc8 37. Rb6 Nb5 38. Kf1 Ng6 0-1

[Event "Brasschaat op 08th"]
[Site "Brasschaat"]
[Date "2008.08.22"]
[Round "7"]
[White "Penson, Thierry"]
[Black "De Schampheleire, Glen"]
[Result "1-0"]
[WhiteElo "2282"]
[BlackElo "2105"]
[PlyCount "105"]
[EventDate "2008.08.16"]
[EventType "swiss"]
[EventRounds "9"]
[EventCountry "BEL"]
[SourceTitle "EXT 2017"]
[Source "ChessBase"]
[SourceDate "2016.10.25"]
[SourceVersion "1"]
[SourceVersionDate "2016.10.25"]
[SourceQuality "1"]

1. e4 c5 2. Ne2 d6 3. Nbc3 g6 4. g3 Bg7 5. Bg2 Nc6 6. 0-0 e6 7. f4 Nge7 8. g4 f5 9. Ng3 0-0 10. gxf5 exf5 11. d3 Be6 12. Nd5 Rb8 13. c3 b5 14. Re1 Qd7 15. a3 Kh8 16. Be3 a5 17. Qc2 Bg8 18. Nxe7 Nxe7 19. b4 Qc7 20. bxc5 dxc5 21. Rab1 c4 22. e5 Rfd8 23. d4 Bd5 24. Bf1 Rdc8 25. Ra1 Nc6 26. Rec1 Nd8 27. Bg2 Qc6 28. Bxd5 Qxd5 29. Qg2 Qxg2+ 30. Kxg2 Ne6 31. d5 Nc7 32. Rd1 Rd8 33. d6 Ne6 34. h4 Kg8 35. Rab1 Kf7 36. Rd5 b4 37. axb4 axb4 38. cxb4 Ra8 39. Ne2 Ra3 40. Kf2 Rb8 41. Rdd1 h6 42. Nd4 Nxd4 43. Rxd4 c3 44. Rc4 Ke6 45. Rd1 Rd8 46. Rc7 Bf8 47. b5 g5 48. fxg5 hxg5 49. b6 Ra4 50. Bxg5 Rb8 51. d7 Be7 52. Rc6+ Kf7 53. e6+ 1-0